00438nam a2200145Ia 4500008004100000020001000041040001700051041001200068082001800080100002100098245005700119260004500176300001800221500005300239230917s9999||||xx |||||||||||||| ||und|| cRS595 e236103aMAIN aEnglish a320.954 M697P aMitra, Subrata K 0aPolitics in india : Structures, processes and policy aNew DelhibOxford University Pressc2014 axxxii, 405 p. a2476 30/11/2016 RK16/2838 07/12/2016 Main Budget